000 01224nam a2200313Ia 4500
003 OSt
005 20221005105925.0
006 a|||||r|||| 00| 0
007 ta
008 221004b |||||||| |||| 00| 0 tam d
020 _c75
024 _a93242
037 _b531, 19/03/2009, Vani Prakashan
_cTextual
040 _aCRL
_cCRL
_btam
041 _2tam
_atam
082 _aO31,1B82w, 152M3
100 _aवरदराजन, मु.
245 0 _aइलंगो अडिगल
246 _aIlango aḍigala
250 _aद्वितीय सं; द्वितीय संस्करण
260 _aनई दिल्ली
_bसाहित्य अकादेमी भारत
_c1983
300 _a82पृ0
_ccm.
490 _aभारतीय साहित्य के निर्माता
650 _a तमिल साहित्य
650 _aतमिल कविता
700 _a नवलपुरी, युगजीत, अनु.
942 _hO31,1B82w, 152M3
_cTEXL
_2cc
999 _c1017288
_d1017288